Music Quiz

Random Music or Kpop Quiz
Score 0/52 Timer 10:00
0 Plays Today
% Correct
Leeteuk
95.8%
G-Dragon
94.5%
Onew
92.9%
CL
92.7%
Victoria
90%
Taeyeon
88.8%
Yunho
85.5%
Kris
84.4%
Jokwon
79.9%
Yonghwa
79.4%
Hyorin
79.3%
Doojoon
77.7%
Tablo
77.1%
C.A.P
76.7%
Suho
76.4%
Sunggyu
76%
Yongguk
75.7%
Seungho
74.7%
Hyunjoong
72.6%
JB
72%
Gyuri
68.4%
Sunye
68%
Jea
65.5%
JR
64.5%
Jihyun
64.1%
Soohyun
63.4%
% Correct
N
62.7%
Eunkwang
61.3%
Hyosung
60.3%
Chorong
57.5%
Jonghun
55.3%
Donghyun
51.3%
Jungah
49.5%
Sojin
44%
Jaekyung
43.1%
Haeri
38.6%
Takuya
36.8%
Inati
36.1%
BoA
34%
Serri
33.1%
Ara
33%
Junyoung
32.3%
Gunwoo
32.3%
Soyeon
32.1%
Jay
29.3%
Jinon
22.1%
Ghun
20.9%
Eunjung
20%
Hyungkon
18.1%
Yunhak
14.5%
Taeyang
13.6%
Janghyun
13.5%
Remove Ads.
Support Sporcle.
Get the best of Sporcle when you Go Orange. This ad-free experience offers more features, more stats, and more fun while also helping to support Sporcle. Thank you for becoming a member.

You're not logged in!

Compare scores with friends on all Sporcle quizzes.
OR
Log In

Show Comments

Extras

Created Jul 14, 2012ReportNominate
Tags:Kpop Quiz, Kpop Quiz

Top Quizzes Today


Score Distribution

Your Account Isn't Verified!

In order to create a playlist on Sporcle, you need to verify the email address you used during registration. Go to your Sporcle Settings to finish the process.

Report this User

Report this user for behavior that violates our Community Guidelines.

Details: